Pedagogia critica. De que hablamos, donde estamos / (Registro nro. 39415)

Detalles MARC
000 -LEADER
fixed length control field 01193nam a2200325 4500
001 - CONTROL NUMBER
control field 0000014299
003 - CONTROL NUMBER IDENTIFIER
control field CO-CtgCURN
005 - DATE AND TIME OF LATEST TRANSACTION
control field 20250429224120.0
007 - PHYSICAL DESCRIPTION FIXED FIELD--GENERAL INFORMATION
fixed length control field ta
008 - FIXED-LENGTH DATA ELEMENTS--GENERAL INFORMATION
fixed length control field 160627s2008 000 0 eng d
020 ## - INTERNATIONAL STANDARD BOOK NUMBER
International Standard Book Number 9788478276738
040 ## - CATALOGING SOURCE
Original cataloging agency CO-CtgCURN
Language of cataloging spa
Transcribing agency coctgcurn
082 0# - DEWEY DECIMAL CLASSIFICATION NUMBER
Classification number 370.115
Item number P34
245 00 - TITLE STATEMENT
Title Pedagogia critica. De que hablamos, donde estamos /
Statement of responsibility, etc. Peter McLaren, Joe L. Kincheloe , traductor, Miguel Serrano Larraz.
250 ## - EDITION STATEMENT
Edition statement 1a ed.
260 ## - PUBLICATION, DISTRIBUTION, ETC.
Place of publication, distribution, etc. Barcelona :
Name of publisher, distributor, etc. Grao,
Date of publication, distribution, etc. 2008.
300 ## - PHYSICAL DESCRIPTION
Extent 543 p.
336 ## - CONTENT TYPE
Source rdacontent
337 ## - MEDIA TYPE
Source rdamedia
Media type term sin mediacion
Media type code n
338 ## - CARRIER TYPE
Source rdacarrier
Carrier type term volumen
Carrier type code nc
490 1# - SERIES STATEMENT
Series statement Critica y fundamentos ;
Volume/sequential designation N.23
490 1# - SERIES STATEMENT
Series statement Critica y fundamentos
504 ## - BIBLIOGRAPHY, ETC. NOTE
Bibliography, etc. note Incluye bibliografia (p.529-532)
505 8# - FORMATTED CONTENTS NOTE
Formatted contents note La pedagogia critica en el siglo XXI: Evolucionar para sobrevivir.--La religion como critica socioeducativa: Un ejemplo weberiano.--La pedagogia critica y los mundos de los niños y niñas
650 14 - SUBJECT ADDED ENTRY--TOPICAL TERM
Topical term or geographic name entry element Pedagogia critica.
700 1# - ADDED ENTRY--PERSONAL NAME
Personal name McLaren, Peter,
Relator term Editor.
908 ## - PUT COMMAND PARAMETER (RLIN)
Put command parameter 160627
942 ## - ADDED ENTRY ELEMENTS (KOHA)
Koha item type Libros
Classification part 370.115
Item part P34
Source of classification or shelving scheme Dewey Decimal Classification
Existencias
Withdrawn status Lost status Source of classification or shelving scheme Damaged status Not for loan Collection Home library Current library Shelving location Date acquired Inventory number Total checkouts Full call number Barcode Date last seen Price effective from Koha item type Public note
    Dewey Decimal Classification     General Miguel Henríquez Castañeda Miguel Henríquez Castañeda General 04/29/2025 014398   370.115 P34 014398 04/29/2025 04/29/2025 Libros 370-EDUCAC